00453nam a2200133Ia 4500008004100000040004400041100001900085245006000104250001700164260005200181300002200233600004900255999001500304180412s9999||||xx |||||||||||||| ||und|| aAhmadu Bello University Library - Zaria aTHOMSON, A. D. 0aLecture notes on pathologycA. D. Thomson, R. E. Cotton a\\a2nd. ed. bBlackwell Scientific Publications; Oxfordc1968 axiv, 1138p.; ill. aPathology and Haematology. Occipital region. c1327d1327